|
|
|
|
| LEADER |
00000nmm0a2200000 4500 |
| 001 |
42122 |
| 005 |
20231031015057.0 |
| 010 |
|
|
|a 5793100873
|
| 035 |
|
|
|a (RuTPU)RU\TPU\book\43307
|
| 090 |
|
|
|a 42122
|
| 100 |
|
|
|a 20020802d2002 m y0rusy50 ca
|
| 101 |
0 |
|
|a rus
|
| 102 |
|
|
|a RU
|
| 105 |
|
|
|a a j 001zy
|
| 200 |
1 |
|
|a Линейные электрические цепи
|e Лабораторные работы на ПК
|f С. Г. Герман-Галкин
|
| 210 |
|
|
|a СПб.
|c Учитель и ученик
|c Корона принт
|d 2002
|
| 215 |
|
|
|a 192 с.
|c ил.
|
| 225 |
1 |
|
|a Компьютерная Лаборатория
|
| 320 |
|
|
|a Библиогр.: с. 192.
|
| 610 |
1 |
|
|a электротехника
|
| 610 |
1 |
|
|a линейные электрические цепи
|
| 610 |
1 |
|
|a компьютерная технология
|
| 610 |
1 |
|
|a программы
|
| 610 |
1 |
|
|a SIMULINK
|
| 610 |
1 |
|
|a Power System Blockset
|
| 610 |
1 |
|
|a MatLab 6
|
| 610 |
1 |
|
|a лабораторные работы
|
| 610 |
1 |
|
|a практические пособия
|
| 610 |
1 |
|
|a учебные пособия
|
| 675 |
|
|
|a 621.3.011.71(076.5)
|v 3
|
| 700 |
|
1 |
|a Герман-Галкин
|b С. Г.
|g Сергей Германович
|
| 801 |
|
1 |
|a RU
|b 63413507
|c 20020802
|g PSBO
|
| 801 |
|
2 |
|a RU
|b 63413507
|c 20130617
|g PSBO
|
| 942 |
|
|
|c MX
|